LEADER 01255nam a2200301 i 4500 001 000000151087 003 CaOOAMICUS 005 20251203142402.0 008 160316s2006 it u000 u ita u 013 $a128425 020 $a88-452-5697-9 040 $aSeMil$bita 100 1 $aHeidegger, Martin,$d<1889-1976>.$0(OLS)http://semarc/name/3775 240 10$aÜber den Anfang.$0(OLS)http://semarc/title/204602 245 10$aSul principio /$cMartin Heidegger ; introduzione, traduzione, note e apparati di Giovanni Battista Demarta. 260 $aMilano :$bBompiani,$c2006. 300 $aXLVII, 302 p. ;$c22 cm. 490 0 $aIl pensiero occidentale 650 4$aOntologia.$0(OLS)http://semarc/subject/2269 700 1 $aDemarta, Giovanni Battista.$0(OLS)http://semarc/name/52925 830 0$aBompiani Il pensiero occidentale.$0(OLS)http://semarc/title/10111 850 $aSeMil 852 $aSeMil$W1$xVenegono$y1$m2OA III 413$j103131$B103131$CSeMilBibl$Z2$F112175 $81 961 $aAcquisto: Àncora (Libreria) 996 $6020$a88-452-5697-9$9(OLS)http://semarc/number/140598 996 $6245$aSul principio$9(OLS)http://semarc/title/220842 996 $6260$aMilano :$bBompiani$9(OLS)http://semarc/publisher/29706 LEADER 01541nam a2200253 i 4500 001 000000065310 003 CaOOAMICUS 005 20140221000000.0 008 140221s1941 xx u000 u ger u 013 $a36482 040 $aSeMil$bita 100 1 $aSchauf, Heribert,$d<1910-188>.$0(OLS)http://semarc/name/21440 245 14$aDie Einwohnung des Heiligen Geistes :$bdie Lehre von der nichtappropriierten Einwohng des Heiligen Geistes als Beitrag zur Theologiegeschichte des 19. Jahrhundert unter besonderer Berücksichtigung der beiden Theologen Carl Passaglia und Clemens Schrader /$cvon Heribert Schauf. 260 $aFreiburg im Breisgau :$bHerder & Co.,$c1941. 300 $aXII, 268 p. ;$c24cm. 490 0 $aFreiburger theologische Studien ;$v59 650 4$aPassaglia, Carlo .$0(OLS)http://semarc/subject/44963 650 4$aSpirito Santo.$0(OLS)http://semarc/subject/6528 650 4$aSchrader, Clemens.$0(OLS)http://semarc/subject/9421 830 0$aFreiburger theologische Studien ;$v59.$0(OLS)http://semarc/title/549 850 $aSeMil 852 $aSeMil$W1$xVenegono$y1$m2N IV 139$j31463$B31463$CSeMilBibl$Z2$F31466 $81 996 $6245$aDie Einwohnung des Heiligen Geistes :$bdie Lehre von der nichtappropriierten Einwohng des Heiligen Geistes als Beitrag zur Theologiegeschichte des 19. Jahrhundert unter besonderer Berücksichtigung der beiden Theologen Carl Passaglia und Clemens Schrader$9(OLS)http://semarc/title/103629 996 $6260$aFreiburg im Breisgau :$bHerder & Co.$9(OLS)http://semarc/publisher/29979